Documents on British foreign policy 1919-1939. First series. V18- Greece and Turkey September 3, 1922 - July 24, 1923 (Record no. 229704)
[ view plain ]
| 000 -LEADER | |
|---|---|
| fixed length control field | 00481nam a2200145Ia 4500 |
| 008 - FIXED-LENGTH DATA ELEMENTS--GENERAL INFORMATION | |
| fixed length control field | 230917s9999||||xx |||||||||||||| ||und|| |
| 040 ## - CATALOGING SOURCE | |
| -- | 185729 |
| Original cataloging agency | VIVEKANANDA LIBRARY |
| 041 ## - Language | |
| -- | English |
| 082 ## - DDC NUMBER | |
| Classification number | 327.42 D659B:D(18) |
| 100 ## - MAIN ENTRY--PERSONAL NAME | |
| Personal name | Medlicott, W N, ed. |
| 245 #0 - TITLE STATEMENT | |
| Title | Documents on British foreign policy 1919-1939. First series. V18- Greece and Turkey September 3, 1922 - July 24, 1923 |
| 260 ## - PUBLICATION, DISTRIBUTION, ETC. (IMPRINT) | |
| Place of publication, distribution, etc | London |
| Name of publisher, distributor, etc | Her Majesty's Stationery Office |
| Date of publication, distribution, etc | 1972 |
| 300 ## - PHYSICAL DESCRIPTION | |
| Pages | lxxxii, 1064 p. |
| 942 ## - ADDED ENTRY ELEMENTS (KOHA) | |
| Koha item type | Books |
| Withdrawn status | Lost status | Damaged status | Not for loan | Location (home branch) | Sublocation or collection (holding branch) | Date acquired | Koha issues (times borrowed) | Koha full call number | Accession No. | Koha date last seen | Koha item type |
|---|---|---|---|---|---|---|---|---|---|---|---|
| VIVEKANANDA LIBRARY | VIVEKANANDA LIBRARY | 29/06/2011 | 327.42 D659B:D(18) | 97826 | 17/09/2023 | Books |
